Leo Strauss and the crisis of rationalism : (Record no. 85470)
[ view plain ]
| 000 -LEADER | |
|---|---|
| fixed length control field | 02164nam a2200433 i 4500 |
| 001 - CONTROL NUMBER | |
| control field | ebr10829011 |
| 003 - CONTROL NUMBER IDENTIFIER | |
| control field | CaPaEBR |
| 006 - FIXED-LENGTH DATA ELEMENTS--ADDITIONAL MATERIAL CHARACTERISTICS--GENERAL INFORMATION | |
| fixed length control field | m o d |
| 007 - PHYSICAL DESCRIPTION FIXED FIELD--GENERAL INFORMATION | |
| fixed length control field | cr cn||||||||| |
| 008 - FIXED-LENGTH DATA ELEMENTS--GENERAL INFORMATION | |
| fixed length control field | 130412t20142014nyu ob 001 0deng|d |
| 020 ## - INTERNATIONAL STANDARD BOOK NUMBER | |
| Cancelled/invalid ISBN | 9781438449678 (alk. paper) |
| International Standard Book Number | 9781438449685 (e-book) |
| 040 ## - CATALOGING SOURCE | |
| Original cataloging agency | CaPaEBR |
| Language of cataloging | eng |
| Description conventions | rda |
| -- | pn |
| Transcribing agency | CaPaEBR |
| 035 ## - SYSTEM CONTROL NUMBER | |
| System control number | (OCoLC)870443028 |
| 041 1# - LANGUAGE CODE | |
| Language code of text/sound track or separate title | eng |
| Language code of original and/or intermediate translations of text | fre |
| 050 14 - LIBRARY OF CONGRESS CALL NUMBER | |
| Classification number | B945.S84 |
| Item number | P4513 2014eb |
| 082 04 - DEWEY DECIMAL CLASSIFICATION NUMBER | |
| Classification number | 181/.06 |
| Edition number | 23 |
| 100 1# - MAIN ENTRY--PERSONAL NAME | |
| Personal name | Pelluchon, Corine. |
| 240 10 - UNIFORM TITLE | |
| Uniform title | <a href="Leo Strauss.">Leo Strauss.</a> |
| Language of a work | English |
| 245 10 - TITLE STATEMENT | |
| Title | Leo Strauss and the crisis of rationalism : |
| Remainder of title | another reason, another enlightenment / |
| Statement of responsibility, etc | Corine Pelluchon ; translated by Robert Howse. |
| 264 #1 - PRODUCTION, PUBLICATION, DISTRIBUTION, MANUFACTURE, AND COPYRIGHT NOTICE | |
| Place of production, publication, distribution, manufacture | Albany : |
| Name of producer, publisher, distributor, manufacturer | State University of New York Press, |
| Date of production, publication, distribution, manufacture, or copyright notice | [2014] |
| Date of production, publication, distribution, manufacture, or copyright notice | �2014 |
| 300 ## - PHYSICAL DESCRIPTION | |
| Extent | 1 online resource (322 pages). |
| 336 ## - CONTENT TYPE | |
| Content type term | text |
| Source | rdacontent |
| 337 ## - MEDIA TYPE | |
| Media type term | computer |
| Source | rdamedia |
| 338 ## - CARRIER TYPE | |
| Carrier type term | online resource |
| Source | rdacarrier |
| 440 #0 - SERIES STATEMENT/ADDED ENTRY--TITLE | |
| Title | SUNY series in the thought and legacy of Leo Strauss |
| 504 ## - BIBLIOGRAPHY, ETC. NOTE | |
| Bibliography, etc | Includes bibliographical references and index. |
| 505 0# - FORMATTED CONTENTS NOTE | |
| Formatted contents note | part I. The dissection of the modern religious consciousness -- part II. The dissections of modern political consciousness. |
| 520 ## - SUMMARY, ETC. | |
| Summary, etc | "Examines the German and Jewish sources of Strauss's thought and the extent to which his philosophy can shed light on the crisis of liberal democracy"--Provided by publisher. |
| 588 ## - SOURCE OF DESCRIPTION NOTE | |
| Source of description note | Description based on print version record. |
| 590 ## - LOCAL NOTE (RLIN) | |
| Local note | Electronic reproduction. Palo Alto, Calif. : ebrary, 2014. Available via World Wide Web. Access may be limited to ebrary affiliated libraries. |
| 600 10 - SUBJECT ADDED ENTRY--PERSONAL NAME | |
| Personal name | Strauss, Leo. |
| 655 #0 - INDEX TERM--GENRE/FORM | |
| Genre/form data or focus term | Electronic books. |
| 700 1# - ADDED ENTRY--PERSONAL NAME | |
| Personal name | Howse, Robert. |
| 776 08 - ADDITIONAL PHYSICAL FORM ENTRY | |
| Display text | Print version: |
| Main entry heading | Pelluchon, Corine. |
| Title | Leo Strauss and the crisis of rationalism : another reason, another enlightenment. |
| Place, publisher, and date of publication | Albany : State University of New York Press, [2014] |
| Physical description | ix, 309 pages |
| Series data for related item | SUNY series in the thought and legacy of Leo Strauss |
| International Standard Book Number | 9781438449678 |
| Record control number | (DLC)10829011 |
| 797 2# - LOCAL ADDED ENTRY--CORPORATE NAME (RLIN) | |
| Corporate name or jurisdiction name as entry element | ebrary. |
| 856 40 - ELECTRONIC LOCATION AND ACCESS | |
| Uniform Resource Identifier | <a href="http://site.ebrary.com/lib/rucke/Doc?id=10829011">http://site.ebrary.com/lib/rucke/Doc?id=10829011</a> |
| Public note | An electronic book accessible through the World Wide Web; click to view |
No items available.
